Legend of Zelda Games - Statistics

General Stats
  • This quiz has been taken 28 times
  • The average score is 16 of 19
Answer Stats
Year Game % Correct
1998 Ocarina of Time
100%
2006 Twilight Princess
100%
2017 Breath of the Wild
95%
2011 Skyward Sword
95%
1986 Legend of zelda
91%
2000 Majora's Mask
91%
2002 Wind Waker
91%
1993 Link's Awakening
86%
2002 Four Swords
82%
1991 Link to the Past
82%
2007 Phantom Hourglass
82%
2009 Spirit Tracks
82%
1987 Adventure of Link
73%
2004 Minish Cap
73%
2001 Oracle of Ages
73%
2001 Oracle of Seasons
73%
2004 Four Swords Adventures
68%
2013 Link Between Worlds
64%
2015 Tri Force Heroes
59%
No matching quizzes found
Score Distribution
Percent of People with Each Score
Percentile by Number Answered
Your Score History
You have not taken this quiz